000 01398nam0a22003011 4500
001 v19\rc\1569309
005 20260405151330.0
035 _a(NLR Aleph) 005228152
090 _a5576459
_c5576459
100 _a20061002d1892 |||y0rusy50 ca
101 1 _arus
_cswe
102 _aRU
105 _ay z |||a|
200 1 _aБорьба за счастье
_eДве парал. драмы
_fСоч. б. проф. Стокгольмского ун-та Софьей Ковалевской совместно с Алисой Карлоттой Леффлер
_gПер. со швед. М. Лучицкой
210 _aКиев
_cизд. кн. маг. Ф.А. Иогансона
_d1892
215 _a[2], 258 с.
_d15
700 1 _8rus
_7ca
_aКовалевская
_bС. В.
_f1850-1891
_gСофья Васильевна
_3RU\NLR\AUTH\7762078
_945008
701 1 _8rus
_7ca
_aЛеффлер
_bА.Ш.
_f1849-1892
_gАнна Шарлотта
_3RU\NLR\AUTH\7762540
_945470
702 1 _aЛучицкая
_bМ.В.
_f1852-после 1912
_gМария Викторовна
_4730
790 1 _9z01701
_aЛеффлер
_bА.Ш.
_f1849-1892
_gАлиса Шарлотта
801 0 _aRU
_bNLR
_c20061002
_gpsbo
801 0 _aRU
_bRuMoRGB
_c20061002
_2psbo
801 1 _aRU
_bProSoft-M
_c20061002
_2rusmarc
801 2 _aRU
_bNLR
_c20080319
_2rusmarc
852 _aNLR
_j18.175.7.19
852 _aNLR
_j71-1/450
942 _cBOOK
980 _aNB